States of West Germany in 1952 on a Map - Statistics

General Stats
  • This quiz has been taken 213 times
  • The average score is 10 of 12
Answers on the Map
Answers color-coded by a green-red scale on the quiz's map according to % correct below.
 
Answer Stats
Länder % Correct
Bavaria
99%
Hamburg
95%
Baden
94%
Bremen
91%
Schleswig-Holstein
89%
Hesse
87%
Rhineland-Palatinate
87%
West Berlin
87%
North Rhine-Westphalia
84%
Lower Saxony
79%
Württemberg-Baden
66%
Württemberg-Hohenzollern
32%
No matching quizzes found
Score Distribution
Percent of People with Each Score
Percentile by Number Answered
Your Score History
You have not taken this quiz